[Event "SR 2. liga A 2002/2003"]
[Site "?"]
[Date "2002.11.30"]
[Round "5.7"]
[White "Raczko, Peter"]
[Black "Galan, Anton"]
[Result "0-1"]
[WhiteElo "2002"]
[BlackElo "1966"]
[PlyCount "100"]
[EventDate "2002.??.??"]

1. e4 Nf6 2. Nc3 d5 3. exd5 Nxd5 4. Qf3 Nf6 5. Bb5+ c6 6. Bc4 Nbd7 7. Qe3 Nb6
8. Bb3 Bf5 9. Nf3 e6 10. d3 Bd6 11. Qg5 h6 12. Qxg7 Rh7 13. Qxh6 Rxh6 14. Bxh6
Qc7 15. Bg5 Nbd7 16. h3 O-O-O 17. g4 Nxg4 18. Bxd8 Qxd8 19. hxg4 Bxg4 20. Nd4
Qf6 21. Nde2 Kc7 22. O-O-O Qxf2 23. Rhf1 Qe3+ 24. Kb1 Ne5 25. Rf4 f5 26. Nd4
Bxd1 27. Nxd1 Qe1 28. Nxe6+ Kb6 29. c3 Ng4 30. Rd4 Bc5 31. Nxc5 Kxc5 32. Kc1
Ne3 33. Rd7 Nf1 34. Bc2 Qd2+ 35. Kb1 Kb6 36. b4 f4 37. a4 a6 38. Kb2 Ne3 39.
Nxe3 fxe3 40. Re7 e2 41. Kb3 e1=Q 42. Rxe1 Qxe1 43. d4 Kc7 44. Bf5 Kd6 45. Bc8
Qb1+ 46. Kc4 Qf1+ 47. Kb3 Qf8 48. Bh3 Qg8+ 49. Kb2 Qd5 50. Bf1 Qe4 0-1

[Event "SR 2. liga A 2002/2003"]
[Site "?"]
[Date "2002.11.30"]
[Round "5.7"]
[White "Samko, Karol"]
[Black "Skapikova, Lubica"]
[Result "1-0"]
[WhiteElo "1974"]
[BlackElo "2057"]
[PlyCount "77"]
[EventDate "2002.??.??"]

1. e4 e5 2. Nf3 Nc6 3. Nc3 Nf6 4. d4 exd4 5. Nxd4 Bb4 6. Nxc6 bxc6 7. Qf3 Qe7
8. Bd3 d5 9. O-O Bg4 10. Qf4 Bd6 11. Qg5 Qe5 12. Qxe5+ Bxe5 13. exd5 Bxc3 14.
bxc3 cxd5 15. Rb1 O-O 16. Bf4 c6 17. Rb7 Rfe8 18. f3 Be6 19. Kf2 Nd7 20. Bd6
Nb6 21. Rc7 Rec8 22. Rxc8+ Rxc8 23. Bf4 Na4 24. Bd2 c5 25. Rb1 Nb6 26. Ba6 Rd8
27. Rb5 d4 28. Rxc5 dxc3 29. Bxc3 Na4 30. Rc7 Nxc3 31. Rxc3 g6 32. Bd3 Bxa2 33.
Ra3 Bb1 34. Ke3 Rd7 35. Ra1 Rb7 36. Kd2 a5 37. Kc1 Bxc2 38. Bxc2 Re7 39. Kd2 {
Partia skoncila asi v 70 tahu. Oba partiare su plne chyb, potialto sa do dalo
rekonstruovat, dalej to povazujem za stratu casu. Obaja superi sa za zapisy
partie mozu hanbit.} 1-0

[Event "SR 2. liga A 2002/2003"]
[Site "?"]
[Date "2002.11.30"]
[Round "5.8"]
[White "Garaj, Ivan"]
[Black "Dzavik, Jozef"]
[Result "0-1"]
[WhiteElo "1728"]
[BlackElo "1997"]
[PlyCount "70"]
[EventDate "2002.??.??"]

1. d4 Nf6 2. Bg5 e6 3. e4 h6 4. Bxf6 Qxf6 5. Nf3 c5 6. c3 cxd4 7. Qxd4 Qf4 8.
Bb5 Qc1+ 9. Qd1 Qxb2 10. Nbd2 Qxb5 11. c4 Qa5 12. O-O d6 13. Nb3 Qc7 14. Rc1 b6
15. Nfd4 a6 16. f4 Bb7 17. Qe2 Nd7 18. Kh1 Be7 19. Rf3 Nc5 20. Rg3 Bf6 21. Re3
O-O 22. Rf1 Nxb3 23. Nxb3 Rac8 24. e5 dxe5 25. fxe5 Bg5 26. Rc3 Rfd8 27. Qh5
Be4 28. h4 Bg6 29. Qg4 Qxe5 30. Rcf3 Bf6 31. Rf4 a5 32. R1f2 a4 33. Nc1 Bh5 34.
Qg3 Rd1+ 35. Kh2 Rxc1 0-1

[Event "SR 2. liga A 2002/2003"]
[Site "?"]
[Date "2002.11.30"]
[Round "5.8"]
[White "Hertel, Ondrej"]
[Black "Mosny, Jaroslav"]
[Result "1/2-1/2"]
[WhiteElo "1729"]
[BlackElo "2060"]
[PlyCount "73"]
[EventDate "2002.??.??"]

1. d4 Nf6 2. c4 e6 3. Nc3 d5 4. Bg5 Nbd7 5. e3 c6 6. Nf3 Qa5 7. Nd2 Bb4 8. Qc2
Ne4 9. Ndxe4 dxe4 10. Bf4 O-O 11. a3 f5 12. Rc1 Be7 13. h4 Nf6 14. Be2 Bd7 15.
O-O Be8 16. b4 Qd8 17. g3 Nh5 18. Be5 Bd6 19. Bxd6 Qxd6 20. c5 Qe7 21. Qd1 Nf6
22. Qb3 Bf7 23. Bc4 h6 24. b5 g5 25. hxg5 hxg5 26. bxc6 bxc6 27. Qa4 Rac8 28.
Rb1 Kg7 29. Kg2 Bh5 30. Be2 Rh8 31. Rh1 Qf7 32. Qa6 Bxe2 33. Nxe2 Rxh1 34. Rxh1
Rh8 35. Rxh8 Kxh8 36. Qxc6 Qh5 37. Qc8+ 1/2-1/2

[Event "SR 2. liga A 2002/2003"]
[Site "?"]
[Date "2002.11.30"]
[Round "5.8"]
[White "Kosegi, Marek"]
[Black "Beles, Milan"]
[Result "1/2-1/2"]
[WhiteElo "1739"]
[BlackElo "1817"]
[PlyCount "118"]
[EventDate "2002.??.??"]

1. d4 Nf6 2. Nf3 c5 3. d5 g6 4. c4 d6 5. Nc3 Bg7 6. e4 O-O 7. Bd3 e6 8. O-O
exd5 9. exd5 Bg4 10. Re1 Re8 11. Rxe8+ Nxe8 12. h3 Bxf3 13. Qxf3 Nd7 14. Bf4
Be5 15. Re1 Qf6 16. Bd2 Qxf3 17. gxf3 f5 18. f4 Bf6 19. Re6 Nf8 20. Re1 Nc7 21.
b3 a6 22. Kg2 Kf7 23. Kg3 Nd7 24. h4 h5 25. Ne2 b5 26. Rb1 b4 27. Ng1 a5 28.
Nf3 a4 29. Bc2 axb3 30. Bxb3 Nb6 31. Ng5+ Bxg5 32. fxg5 Re8 33. Re1 Rxe1 34.
Bxe1 Ke7 35. Bd2 Kf7 36. Bf4 Ke7 37. Kf3 Ne8 38. Ke3 Nc7 39. Bh2 Nca8 40. f4
Nc7 41. Kd3 Kd7 42. Bg1 Kc8 43. Be3 Kb7 44. Bc1 Ka6 45. Bb2 Ncxd5 46. cxd5 Kb5
47. Bd1 Nxd5 48. Bc1 Nc3 49. Bxh5 gxh5 50. g6 Nd5 51. g7 Ne7 52. Bb2 d5 53. Bf6
Ng8 54. Bb2 Ka4 55. Kd2 b3 56. a3 d4 57. Kd3 Kb5 58. Ba1 Ne7 59. Bb2 Ng8
1/2-1/2

[Event "SR 2. liga A 2002/2003"]
[Site "?"]
[Date "2002.11.30"]
[Round "5.8"]
[White "Palka, Miroslav"]
[Black "Bilovsky, Milan"]
[Result "1-0"]
[WhiteElo "2012"]
[BlackElo "1880"]
[PlyCount "109"]
[EventDate "2002.??.??"]

1. c4 c5 2. Nc3 Nc6 3. e4 g6 4. g3 Bg7 5. Bg2 e5 6. Nge2 Nge7 7. O-O O-O 8. d3
d6 9. Be3 f5 10. Qd2 Nd4 11. f4 Nec6 12. fxe5 dxe5 13. Nd5 Nxe2+ 14. Qxe2 Nd4
15. Qd2 Be6 16. Bg5 Qd7 17. Be7 Rfc8 18. Nf6+ Bxf6 19. Bxf6 Bxc4 20. exf5 Nxf5
21. Bxe5 Re8 22. Bc3 Qxd3 23. Qxd3 Bxd3 24. Bd5+ Kf8 25. Rf2 Be4 26. Bc4 Ke7
27. g4 Nd6 28. Re1 Kd7 29. Rd1 Kc6 30. Rf6 Rad8 31. b4 b5 32. Bf7 Re7 33. bxc5
Kxc5 34. Bb3 Bc6 35. Ba5 Rdd7 36. a3 Re3 37. Bb4+ Kb6 38. Bd5 a5 39. Bxc6 Kxc6
40. Rfxd6+ Rxd6 41. Bxd6 Re4 42. h3 b4 43. axb4 axb4 44. Kf2 b3 45. Ba3 h5 46.
Kf3 Ra4 47. Bb2 hxg4+ 48. hxg4 Kc5 49. Rd3 Kc6 50. Rxb3 Kc7 51. Rd3 Kc6 52. Bf6
Kc5 53. Be5 Ra6 54. Kf4 Re6 55. Rd6 1-0

[Event "SR 2. liga A 2002/2003"]
[Site "?"]
[Date "2002.11.30"]
[Round "5.8"]
[White "Pericka, Tomas"]
[Black "Mihalik, Anton"]
[Result "1/2-1/2"]
[WhiteElo "1628"]
[BlackElo "1939"]
[PlyCount "45"]
[EventDate "2002.??.??"]

1. e4 c5 2. Nf3 d6 3. d4 cxd4 4. Nxd4 Nf6 5. Nc3 a6 6. Bg5 e6 7. Qd2 Be7 8.
O-O-O Qc7 9. f4 Nbd7 10. Be2 b5 11. Bf3 Bb7 12. Bxf6 Nxf6 13. e5 dxe5 14. fxe5
Nd7 15. Bxb7 Qxb7 16. Nf3 Nb6 17. Qf4 O-O 18. Ne4 Nd5 19. Qg3 Rfd8 20. Nfg5 h6
21. h4 Qb6 22. Rd3 Rf8 23. Rf3 1/2-1/2

[Event "SR 2. liga A 2002/2003"]
[Site "?"]
[Date "2002.11.30"]
[Round "5.8"]
[White "Tokos, Jozef"]
[Black "Durdovic, V."]
[Result "0-1"]
[WhiteElo "2055"]
[BlackElo "1846"]
[PlyCount "64"]
[EventDate "2002.??.??"]

1. c4 e6 2. Nc3 Nf6 3. e4 d6 4. d4 Nc6 5. Be2 Be7 6. Nf3 O-O 7. O-O e5 8. d5
Nb8 9. Ne1 c6 10. dxc6 bxc6 11. Nc2 a5 12. Ne3 Na6 13. b3 Nc5 14. Qc2 Ne6 15.
Nf5 Nd4 16. Nxd4 exd4 17. Na4 c5 18. Bf3 Ra7 19. g3 Ng4 20. Bg2 f5 21. Bd2 Bb7
22. exf5 Bxg2 23. Kxg2 Bg5 24. f4 Bf6 25. h3 Qa8+ 26. Rf3 Nh2 27. Kxh2 Qxf3 28.
Re1 d3 29. Qc1 Qf2+ 30. Kh1 Qxg3 31. Re3 Qxf4 32. Rxd3 Qe4+ 0-1

[Event "SR 2. liga A 2002/2003"]
[Site "?"]
[Date "2002.12.01"]
[Round "6.1"]
[White "Cvicela, Anton"]
[Black "Bezuch, Martin"]
[Result "0-1"]
[WhiteElo "2155"]
[BlackElo "2241"]
[PlyCount "64"]
[EventDate "2002.??.??"]

1. e4 e5 2. Nf3 Nc6 3. d4 exd4 4. Nxd4 Nf6 5. Nxc6 bxc6 6. e5 Qe7 7. Qe2 Nd5 8.
c4 Nb6 9. Nc3 Qe6 10. Qe4 Bb4 11. Bd2 Bxc3 12. Bxc3 d5 13. cxd5 cxd5 14. Qh4 c5
15. f4 d4 16. Bd2 f6 17. Bb5+ Bd7 18. Bxd7+ Nxd7 19. O-O O-O 20. exf6 Nxf6 21.
Rfe1 Qf5 22. Qg5 Qc2 23. Re7 Rf7 24. Rxf7 Kxf7 25. f5 Qxb2 26. Re1 Re8 27. Rxe8
Nxe8 28. Qh5+ Kf8 29. f6 Qxd2 30. Qxc5+ Kf7 31. Qe7+ Kg6 32. f7 Qc1+ 0-1

[Event "SR 2. liga A 2002/2003"]
[Site "?"]
[Date "2002.12.01"]
[Round "6.1"]
[White "Drtina, Milan"]
[Black "Krajnak, Robert"]
[Result "1-0"]
[WhiteElo "2287"]
[BlackElo "2175"]
[PlyCount "71"]
[EventDate "2002.??.??"]

1. e4 c5 2. c4 e6 3. Nc3 d6 4. Nge2 a6 5. d4 cxd4 6. Nxd4 Nf6 7. Be2 Be7 8. O-O
Qc7 9. Be3 O-O 10. Rc1 b6 11. f4 Bb7 12. Bf3 Nbd7 13. f5 e5 14. Nd5 Qd8 15. Ne2
Bxd5 16. cxd5 a5 17. Rc6 Nc5 18. Nc3 Nfd7 19. Na4 b5 20. Nxc5 Nxc5 21. Bxc5
dxc5 22. d6 Bg5 23. Qd5 Be3+ 24. Kh1 Bd4 25. Be2 Rb8 26. f6 g6 27. Bg4 Rb6 28.
d7 Rxc6 29. Qxc6 b4 30. b3 h5 31. Be2 Qa8 32. Qd6 Qd8 33. Bc4 Be3 34. Qxe5 Qxd7
35. Qg3 Bd4 36. Qxg6+ 1-0

[Event "SR 2. liga A 2002/2003"]
[Site "?"]
[Date "2002.12.01"]
[Round "6.1"]
[White "Kleman, Miroslav"]
[Black "Flasik, Radoslav"]
[Result "1/2-1/2"]
[WhiteElo "2210"]
[BlackElo "2254"]
[PlyCount "41"]
[EventDate "2002.??.??"]

1. e4 c5 2. Nc3 g6 3. g3 Bg7 4. Bg2 Nc6 5. Nge2 d6 6. d3 e6 7. Be3 Qa5 8. Qd2
Nd4 9. O-O Ne7 10. a3 Nec6 11. Rab1 Nxe2+ 12. Nxe2 Qxd2 13. Bxd2 Bd7 14. Rfd1
Nd4 15. Nxd4 Bxd4 16. c3 Bg7 17. Be3 O-O 18. f4 Rac8 19. d4 c4 20. d5 Ba4 21.
Rd2 1/2-1/2

[Event "SR 2. liga A 2002/2003"]
[Site "?"]
[Date "2002.12.01"]
[Round "6.1"]
[White "Matulik, Daniel"]
[Black "Harasta, Vladimir"]
[Result "1-0"]
[WhiteElo "2161"]
[BlackElo "2190"]
[PlyCount "53"]
[EventDate "2002.??.??"]

1. d4 d5 2. Nf3 e6 3. Bf4 c5 4. c3 Qb6 5. Qc2 cxd4 6. cxd4 Nc6 7. e3 Nf6 8. a3
Be7 9. Bd3 O-O 10. O-O Bd7 11. Nc3 Rfc8 12. Ne5 h6 13. Qe2 Na5 14. g4 Nc4 15.
Bxc4 dxc4 16. Rfd1 Be8 17. e4 Qa6 18. h4 Nd7 19. Nxd7 Bxd7 20. g5 hxg5 21. hxg5
Bf8 22. Kg2 e5 23. dxe5 Qe6 24. Rh1 Qg4+ 25. Qxg4 Bxg4 26. Rh4 f5 27. f3 1-0

[Event "SR 2. liga A 2002/2003"]
[Site "?"]
[Date "2002.12.01"]
[Round "6.1"]
[White "Meszaros, Michal"]
[Black "Banas, Jan"]
[Result "1-0"]
[WhiteElo "2327"]
[BlackElo "2373"]
[PlyCount "67"]
[EventDate "2002.??.??"]

1. e4 c5 2. Nf3 d6 3. d4 cxd4 4. Nxd4 Nf6 5. Nc3 Nc6 6. Bg5 e6 7. Qd2 a6 8.
O-O-O Bd7 9. f4 h6 10. Bh4 Rc8 11. Nf3 Be7 12. Bxf6 gxf6 13. Kb1 b5 14. Bd3 b4
15. Nd5 exd5 16. exd5 Na5 17. Bxa6 Ra8 18. Bd3 Qb6 19. Rhe1 Kf8 20. Re4 Rb8 21.
Rde1 Bd8 22. f5 Qc5 23. Rh4 h5 24. g4 Bb6 25. Rxh5 Rxh5 26. gxh5 Kg7 27. Qg2+
Kh8 28. Re7 Bb5 29. Bxb5 Qxb5 30. Rxf7 Rg8 31. Qd2 Qf1+ 32. Ne1 Rg5 33. Rxf6
Nc4 34. Rh6+ 1-0

[Event "SR 2. liga A 2002/2003"]
[Site "?"]
[Date "2002.12.01"]
[Round "6.1"]
[White "Tepper, Frantisek"]
[Black "Duriga, Stefan"]
[Result "1/2-1/2"]
[WhiteElo "2240"]
[BlackElo "2223"]
[PlyCount "30"]
[EventDate "2002.??.??"]

1. e4 d6 2. d4 Nf6 3. Bd3 e5 4. c3 g6 5. Nf3 Nbd7 6. O-O Bg7 7. Re1 O-O 8. Nbd2
Qe7 9. Nf1 Nb6 10. Ng3 c5 11. dxc5 dxc5 12. h3 c4 13. Bf1 Qc7 14. Qc2 h6 15.
Be3 Be6 1/2-1/2

[Event "SR 2. liga A 2002/2003"]
[Site "?"]
[Date "2002.12.01"]
[Round "6.2"]
[White "Horak, Ivan"]
[Black "Abel, Peter"]
[Result "0-1"]
[WhiteElo "2198"]
[BlackElo "2218"]
[PlyCount "54"]
[EventDate "2002.??.??"]

1. c4 Nf6 2. Nc3 c5 3. Nf3 e6 4. d4 cxd4 5. Nxd4 Nc6 6. e3 Be7 7. Bd3 b6 8. O-O
Bb7 9. b3 O-O 10. Bb2 Nxd4 11. exd4 d5 12. Rc1 Rc8 13. Re1 Qd6 14. Re5 Rfd8 15.
Nb5 Qb8 16. Rg5 a6 17. Na3 Ne4 18. Rh5 Qf4 19. Bxe4 Qxe4 20. Re5 Qf4 21. g3 Qh6
22. cxd5 Bxd5 23. Rxc8 Rxc8 24. Qe2 Rc1+ 25. Bxc1 Qxc1+ 26. Qe1 Qxa3 27. Qc3 g6
0-1

[Event "SR 2. liga A 2002/2003"]
[Site "?"]
[Date "2002.12.01"]
[Round "6.2"]
[White "Kantorik, Marian"]
[Black "Machalova, Maria"]
[Result "1-0"]
[WhiteElo "2315"]
[BlackElo "2124"]
[PlyCount "109"]
[EventDate "2002.??.??"]

1. d4 Nf6 2. c4 e6 3. Nc3 Bb4 4. f3 Bxc3+ 5. bxc3 d5 6. e3 O-O 7. cxd5 exd5 8.
Bd3 Re8 9. Ne2 c5 10. O-O Nc6 11. Re1 Nh5 12. Qd2 c4 13. Bc2 f5 14. a4 Qc7 15.
Ba3 Bd7 16. Rab1 b6 17. Rf1 Nd8 18. e4 g6 19. exf5 Bxf5 20. Bxf5 gxf5 21. Qg5+
Ng7 22. Nf4 Qf7 23. Qg3 Nde6 24. Bd6 Nxf4 25. Qxf4 Re2 26. Be5 Rc2 27. Rfc1
Rxc1+ 28. Rxc1 Ne6 29. Qh4 Re8 30. f4 Nf8 31. Rf1 Re6 32. Rf3 Rg6 33. Qd8 Qd7
34. Qa8 b5 35. axb5 Qxb5 36. h3 a6 37. Kh2 Qc6 38. Qd8 Qd7 39. Qb8 Qb5 40. Qc8
Qd7 41. Qc5 Qc6 42. Qa3 Kf7 43. Rf2 Nd7 44. Rb2 Rg8 45. Qa5 Rc8 46. Qa1 Rg8 47.
Qd1 Qg6 48. Qf3 Ke8 49. Rb7 Qc6 50. Rb1 Kf7 51. g4 Nf6 52. gxf5 a5 53. Re1 Ne4
54. Qh5+ Kf8 55. Rb1 1-0

[Event "SR 2. liga A 2002/2003"]
[Site "?"]
[Date "2002.12.01"]
[Round "6.2"]
[White "Lauf, Pavol"]
[Black "Janos, Martin"]
[Result "1/2-1/2"]
[WhiteElo "2135"]
[BlackElo "2175"]
[PlyCount "120"]
[EventDate "2002.??.??"]

1. d4 Nf6 2. c4 g6 3. Nc3 Bg7 4. e4 d6 5. f3 c6 6. Be3 Qa5 7. Qd2 a6 8. Bd3 b5
9. Nge2 Nbd7 10. O-O O-O 11. a3 e5 12. b4 Qd8 13. Rfc1 Bb7 14. Ra2 bxc4 15.
Bxc4 d5 16. Bb3 dxe4 17. Nxe4 Nxe4 18. fxe4 Nf6 19. Ng3 Ng4 20. dxe5 Qh4 21.
Nf1 Nxe3 22. Qxe3 Bh6 23. Qe1 Qxe1 24. Rxe1 Rae8 25. e6 fxe6 26. Nd2 Kf7 27.
Nc4 Ke7 28. Rc2 Rc8 29. e5 Rc7 30. Nd6 Ba8 31. Ne4 Bb7 32. Nc5 Bc8 33. Rf2 Rf5
34. Bc2 Rxf2 35. Kxf2 a5 36. Ke2 axb4 37. axb4 Ra7 38. Bb3 Ra3 39. Kd3 Bg7 40.
Kc2 Ra7 41. Ba4 Rc7 42. Kd3 Bd7 43. Ke4 Bf8 44. Rf1 Bc8 45. g4 g5 46. Rf3 h6
47. Ra3 Kd8 48. Rd3+ Ke8 49. Kd4 Bg7 50. Bb3 Ke7 51. Ke4 Bf8 52. Ba4 Ke8 53.
Kd4 Bg7 54. Rf3 Ke7 55. Bc2 Ke8 56. Be4 Ke7 57. Bg6 Kd8 58. Bf7 Re7 59. Bg6 Rc7
60. Bd3 Ke8 1/2-1/2

[Event "SR 2. liga A 2002/2003"]
[Site "?"]
[Date "2002.12.01"]
[Round "6.2"]
[White "Michal, Silvio"]
[Black "Jablonicky, Frantisek"]
[Result "0-1"]
[WhiteElo "2168"]
[BlackElo "2234"]
[PlyCount "88"]
[EventDate "2002.??.??"]

1. c4 f5 2. d4 Nf6 3. Nc3 g6 4. b4 Bg7 5. Bb2 d6 6. e3 O-O 7. Nf3 a5 8. a3 axb4
9. axb4 Rxa1 10. Qxa1 Nc6 11. b5 Nb4 12. Qa4 c5 13. bxc6 Nxc6 14. Be2 Qa5 15.
O-O Bd7 16. Qxa5 Nxa5 17. Ra1 b6 18. Na4 Bxa4 19. Rxa4 Ne4 20. Bd3 e5 21. Rb4
exd4 22. Bxe4 fxe4 23. Nxd4 Rc8 24. Nb5 Rxc4 25. Rxc4 Nxc4 26. Bxg7 Kxg7 27.
Nc3 Nd2 28. Nb5 Kf6 29. Nxd6 Ke6 30. Nb5 Kd5 31. Nd4 Kc4 32. f3 b5 33. Kf2 Nb3
34. Nxb3 Kxb3 35. fxe4 Kc4 36. Ke2 Kc5 37. Kd3 b4 38. h4 Kd6 39. Kc4 Ke5 40.
Kxb4 Kxe4 41. Kc5 Kxe3 42. Kd5 Kf2 43. Ke5 Kxg2 44. Kf4 h5 0-1

[Event "SR 2. liga A 2002/2003"]
[Site "?"]
[Date "2002.12.01"]
[Round "6.2"]
[White "Petreje, Juraj"]
[Black "Dorica, Igor"]
[Result "1/2-1/2"]
[WhiteElo "2180"]
[BlackElo "2298"]
[PlyCount "46"]
[EventDate "2002.??.??"]

1. d4 d5 2. Nf3 Nf6 3. Bf4 Nbd7 4. e3 e6 5. Nbd2 Be7 6. h3 O-O 7. Be2 c5 8. c3
b6 9. O-O Bb7 10. Rc1 a6 11. Ne5 b5 12. a4 c4 13. b3 Nxe5 14. Bxe5 Bc6 15. axb5
axb5 16. Ra1 Qd7 17. Qc2 Ra7 18. Qb2 Rfa8 19. Bf3 h6 20. Rxa7 Rxa7 21. Ra1
Rxa1+ 22. Qxa1 Qc8 23. bxc4 dxc4 1/2-1/2

[Event "SR 2. liga A 2002/2003"]
[Site "?"]
[Date "2002.12.01"]
[Round "6.2"]
[White "Smolen, Jan"]
[Black "Lahucky, Pavol"]
[Result "1-0"]
[WhiteElo "2246"]
[BlackElo "2165"]
[PlyCount "103"]
[EventDate "2002.??.??"]

1. c4 c5 2. Nc3 e5 3. g3 Nf6 4. Bg2 Be7 5. e3 d6 6. Nge2 O-O 7. O-O Nc6 8. b3
Bd7 9. Bb2 Qc8 10. d4 Bh3 11. Nd5 Bxg2 12. Kxg2 cxd4 13. exd4 Nxd5 14. cxd5
Nxd4 15. Nxd4 exd4 16. Bxd4 Qf5 17. Qf3 Qg6 18. Rac1 Bd8 19. Rfe1 h5 20. Qe4
Qh6 21. h4 Ba5 22. b4 Bb6 23. Bxb6 axb6 24. Rc7 Rxa2 25. Rxb7 Qf6 26. Qf3 Qxf3+
27. Kxf3 Rd2 28. Rxb6 Rxd5 29. Re4 Ra8 30. Rf4 Re8 31. Rb7 Rd3+ 32. Kg2 Rf8 33.
Kf1 g6 34. Ke2 Rd5 35. b5 Re8+ 36. Kf3 Rd3+ 37. Kg2 Rf8 38. b6 Rb3 39. Rf6 d5
40. Rd7 Kg7 41. Rc6 Rb8 42. Rcc7 R3xb6 43. Rxf7+ Kg8 44. Rfd7 Rf6 45. Rxd5 Rbf8
46. f4 Rb8 47. Rdd7 Rb3 48. Rd8+ Rf8 49. Rd6 Rb2+ 50. Kh3 Rb3 51. Rxg6+ Kh8 52.
Rc4 1-0

[Event "SR 2. liga A 2002/2003"]
[Site "?"]
[Date "2002.12.01"]
[Round "6.3"]
[White "Bisco, Igor"]
[Black "Szollos, Ondrej"]
[Result "1-0"]
[WhiteElo "2120"]
[BlackElo "2106"]
[PlyCount "81"]
[EventDate "2002.??.??"]

1. e4 d6 2. d4 Nd7 3. Nf3 e5 4. c3 Be7 5. Bc4 Nb6 6. Bb3 exd4 7. cxd4 Nf6 8.
Nc3 O-O 9. h3 d5 10. e5 Ne4 11. O-O Nxc3 12. bxc3 Bf5 13. Be3 c6 14. Nd2 Qd7
15. Re1 Ba3 16. g4 Bg6 17. f4 Bb2 18. f5 Bxa1 19. Qxa1 Bxf5 20. gxf5 Qxf5 21.
Kh2 f6 22. e6 Rae8 23. Qd1 Qxe6 24. Bf2 Qf5 25. Bg3 Rxe1 26. Qxe1 Kf7 27. Qd1
g6 28. Bc2 Qe6 29. Qf1 Re8 30. Bd3 Kg7 31. Bf4 Nc8 32. Nf3 Nd6 33. Qf2 Nf5 34.
Nh4 Nxh4 35. Qxh4 h5 36. Qg3 g5 37. Bd2 h4 38. Qf3 Qd6+ 39. Kh1 Qg3 40. Qf5 Qd6
41. Qh7+ 1-0

[Event "SR 2. liga A 2002/2003"]
[Site "?"]
[Date "2002.12.01"]
[Round "6.3"]
[White "Fabry, Robert"]
[Black "Hartl, Jan"]
[Result "1-0"]
[WhiteElo "2210"]
[BlackElo "2154"]
[PlyCount "69"]
[EventDate "2002.??.??"]

1. e4 c5 2. Nf3 e6 3. Nc3 Nc6 4. d4 cxd4 5. Nxd4 a6 6. Be2 Bc5 7. Be3 Qf6 8.
Nf5 Bxe3 9. Nxe3 Nge7 10. O-O O-O 11. Qd6 Qd4 12. Rad1 Qxd6 13. Rxd6 f6 14. Na4
b5 15. Nc5 Ne5 16. Rfd1 Re8 17. R6d2 Ra7 18. f4 N5g6 19. g3 Nf8 20. Rd6 Nc6 21.
a4 bxa4 22. Ra1 Kf7 23. Rxa4 Ke7 24. Rd1 Nb8 25. Nc4 Rc7 26. b4 Rc6 27. e5 Ng6
28. Bh5 Rf8 29. h4 fxe5 30. Bxg6 d6 31. Be4 Rxc5 32. bxc5 d5 33. Nxe5 dxe4 34.
c6 Kf6 35. c7 1-0

[Event "SR 2. liga A 2002/2003"]
[Site "?"]
[Date "2002.12.01"]
[Round "6.3"]
[White "Felcir, Jaroslav"]
[Black "Janos, Ivan"]
[Result "0-1"]
[WhiteElo "2216"]
[BlackElo "2137"]
[PlyCount "106"]
[EventDate "2002.??.??"]

1. e4 c5 2. Nf3 Nc6 3. Nc3 g6 4. d4 cxd4 5. Nxd4 Bg7 6. Be3 Nf6 7. Nxc6 bxc6 8.
e5 Nd5 9. Nxd5 cxd5 10. Qxd5 Rb8 11. Bc4 O-O 12. f4 d6 13. Bb3 Be6 14. Qd2 dxe5
15. Qxd8 Rfxd8 16. Bxa7 Rb7 17. Be3 exf4 18. Bxf4 Bxb2 19. Rd1 Rxd1+ 20. Kxd1
Bg4+ 21. Ke1 Kg7 22. Rf1 Bd4 23. Bd2 e5 24. c3 Bc5 25. Bg5 f5 26. h3 Bh5 27.
Kd2 h6 28. Bh4 Rd7+ 29. Kc2 g5 30. Be1 Be2 31. Rh1 Ba3 32. c4 Bd3+ 33. Kc3 Be4
34. Bc2 Bxg2 35. Rh2 Be4 36. Bxe4 fxe4 37. Rd2 Rb7 38. Bg3 Bb4+ 39. Kc2 Bxd2
40. Kxd2 Kf6 41. Kc3 Ra7 42. Kb3 e3 43. a4 Ke6 44. Be1 Rb7+ 45. Kc2 Kd6 46. Kd3
Rb1 47. Bc3 Kc5 48. Bxe5 Rb3+ 49. Ke2 Kxc4 50. Bg7 Rb6 51. Kxe3 Rb3+ 52. Ke4
Rxh3 53. Kf5 Kb4 0-1

[Event "SR 2. liga A 2002/2003"]
[Site "?"]
[Date "2002.12.01"]
[Round "6.3"]
[White "Janos, Jozef"]
[Black "Bury, Rastislav"]
[Result "1-0"]
[WhiteElo "2200"]
[BlackElo "1998"]
[PlyCount "83"]
[EventDate "2002.??.??"]

1. e4 e5 2. Nf3 Nc6 3. Bb5 a6 4. Ba4 Nf6 5. O-O Be7 6. Re1 b5 7. Bb3 O-O 8. a4
Bb7 9. d3 d6 10. c3 Na5 11. Bc2 c5 12. Nbd2 Re8 13. Nf1 Bf8 14. Bg5 h6 15. Bh4
c4 16. axb5 axb5 17. d4 Nc6 18. Rxa8 Qxa8 19. Bxf6 gxf6 20. d5 Ne7 21. Ne3 f5
22. exf5 Nxd5 23. Nxd5 Bxd5 24. Nh4 f6 25. Ng6 Bg7 26. f3 Qa7+ 27. Kf1 Qc5 28.
Qd2 Bf7 29. Ra1 d5 30. Qf2 d4 31. f4 e4 32. cxd4 Qxf5 33. Nh4 Qd5 34. f5 b4 35.
Re1 Qb5 36. Kg1 Bd5 37. Qe3 Qc6 38. Ng6 c3 39. bxc3 Qxc3 40. Qxc3 bxc3 41. Nf4
Rd8 42. Nxd5 1-0

[Event "SR 2. liga A 2002/2003"]
[Site "?"]
[Date "2002.12.01"]
[Round "6.3"]
[White "Machalova, Veronika"]
[Black "Kovacocy, Pavel"]
[Result "1/2-1/2"]
[WhiteElo "2315"]
[BlackElo "2124"]
[PlyCount "83"]
[EventDate "2002.??.??"]

1. e4 c5 2. Nf3 Nc6 3. d4 cxd4 4. Nxd4 g6 5. Nc3 Bg7 6. Be3 Nf6 7. Be2 O-O 8.
O-O d5 9. exd5 Nxd5 10. Nxd5 Nxd4 11. Bxd4 Qxd5 12. Bxg7 Qxd1 13. Raxd1 Kxg7
14. Bf3 Bf5 15. Rd2 Rfd8 16. Rfd1 Rxd2 17. Rxd2 Rc8 18. c3 b6 19. Kf1 e5 20.
Ke1 Kf6 21. Bd1 Ke7 22. Ke2 Be4 23. f3 Bc6 24. Bb3 f5 25. Bd5 Bb5+ 26. Ke1 Rd8
27. Bb3 Rxd2 28. Kxd2 g5 29. Bc2 Bd7 30. c4 a5 31. a3 h5 32. b4 axb4 33. axb4
Kd6 34. Ke3 Be6 35. Bd3 f4+ 36. Kd2 g4 37. Ke2 Bd7 38. Be4 h4 39. Kf1 Be6 40.
Bd3 h3 41. gxh3 gxh3 42. Kf2 1/2-1/2

[Event "SR 2. liga A 2002/2003"]
[Site "?"]
[Date "2002.12.01"]
[Round "6.3"]
[White "Seitler, Andrej"]
[Black "Kubis, Ivan"]
[Result "1-0"]
[WhiteElo "2149"]
[BlackElo "2105"]
[PlyCount "91"]
[EventDate "2002.??.??"]

1. e4 e5 2. Bc4 Nf6 3. Nc3 Nxe4 4. Qh5 Nd6 5. Bb3 Nc6 6. Nb5 g6 7. Qf3 f5 8.
Qd5 Qe7 9. Nxc7+ Kd8 10. Nxa8 b6 11. Nxb6 axb6 12. Qf3 Bb7 13. Qh3 Bg7 14. Ne2
Ne4 15. d3 Ng5 16. Qe3 f4 17. Qxb6+ Kc8 18. Nc3 Rf8 19. Nb5 Ne6 20. Bd5 Qc5 21.
Qxc5 Nxc5 22. Nd6+ Kc7 23. Nxb7 Nxb7 24. O-O g5 25. Bd2 h5 26. Bc3 Nc5 27. a4
Ne7 28. Bb4 Nxd5 29. Bxc5 d6 30. Ba3 g4 31. c4 Nf6 32. f3 h4 33. Kf2 g3+ 34.
Kg1 h3 35. gxh3 Nh5 36. b4 Bf6 37. Ra2 gxh2+ 38. Kxh2 Ng3 39. Rg1 Rh8 40. Rxg3
fxg3+ 41. Kxg3 Bg5 42. b5 Bf4+ 43. Kg4 Rg8+ 44. Kf5 Rg3 45. Ke4 Rxh3 46. a5 1-0

[Event "SR 2. liga A 2002/2003"]
[Site "?"]
[Date "2002.12.01"]
[Round "6.4"]
[White "Chovanec, Vladimir"]
[Black "Mynar, Martin"]
[Result "1-0"]
[WhiteElo "2057"]
[BlackElo "2113"]
[PlyCount "105"]
[EventDate "2002.??.??"]

1. e4 e5 2. Nf3 Nc6 3. Bb5 a6 4. Ba4 Nf6 5. O-O Be7 6. Re1 b5 7. Bb3 O-O 8. c3
d6 9. h3 Na5 10. Bc2 c5 11. d4 Qc7 12. Nbd2 Nc6 13. d5 Nd8 14. Nf1 Ne8 15. Ng3
g6 16. a4 Rb8 17. axb5 axb5 18. b4 c4 19. Nh2 Ng7 20. Nhf1 f6 21. Be3 Nf7 22.
Qd2 f5 23. exf5 gxf5 24. f4 Bf6 25. Ra3 h5 26. Kh2 h4 27. Ne2 Nh8 28. fxe5 dxe5
29. Bc5 Rd8 30. d6 Qf7 31. Rd1 Bb7 32. Ne3 Bg5 33. Ra7 Rd7 34. Rf1 Bxe3 35.
Qxe3 Qd5 36. Rg1 Nf7 37. Raa1 Qe6 38. Rad1 Re8 39. Qf2 Qf6 40. Rgf1 Qg5 41. g3
hxg3+ 42. Nxg3 f4 43. Ne4 Qh6 44. Rg1 Re6 45. Qe2 Kh8 46. Rg4 Nf5 47. Bf2 Qh7
48. Nc5 Rh6 49. h4 f3 50. Qe1 Ne3 51. Bxh7 Nxg4+ 52. Kg3 Nxd6 53. Nxd7 1-0